Annual Digest of Statistics 1987

Gespeichert in:
Bibliographische Detailangaben
Format: Buch
Sprache:Englisch
Veröffentlicht: Rose Hill Central Statistical Office 1988
Ausgabe:1. ed.
Tags: Tag hinzufügen
Keine Tags, Fügen Sie das erste Tag hinzu!

MARC

LEADER 00000nam a2200000 4500
001 c027687
005 20221219115501.2
041 0 |a eng 
044 |a US 
245 1 0 |a Annual Digest of Statistics 1987 
250 |a 1. ed. 
264 1 |a Rose Hill  |b Central Statistical Office  |c 1988 
300 |a 166 s.